UBT Library

Mosby's respiratory care equipment. (Record no. 47186)

000 -LEADER
fixed length control field 00799cam a22002774a 4500
001 - CONTROL NUMBER
control field 13175859
005 - DATE AND TIME OF LATEST TRANSACTION
control field 20180815075043.0
008 - FIXED-LENGTH DATA ELEMENTS--GENERAL INFORMATION
fixed length control field 030425s2004 moua b 001 0 eng
010 ## - LIBRARY OF CONGRESS CONTROL NUMBER
LC control number 2003051369
020 ## - INTERNATIONAL STANDARD BOOK NUMBER
International Standard Book Number 0323022154
035 ## - SYSTEM CONTROL NUMBER
System control number (DNLM)101176669
040 ## - CATALOGING SOURCE
Original cataloging agency DNLM/DLC
Transcribing agency DLC
Modifying agency DLC
041 ## - LANGUAGE CODE
Language code of text/sound track or separate title eng
042 ## - AUTHENTICATION CODE
Authentication code pcc
060 10 - NATIONAL LIBRARY OF MEDICINE CALL NUMBER
Classification number WF 26
Item number C136m 2002
080 ## - UNIVERSAL DECIMAL CLASSIFICATION NUMBER
Universal Decimal Classification number 615.83
082 00 - DEWEY DECIMAL CLASSIFICATION NUMBER
Classification number 615.83
Edition number 21
100 1# - Rafti
Rafti 3
101 ## - Shkurtesa
Shkurtesa shm
245 10 - TITLE STATEMENT
Title Mosby's respiratory care equipment.
246 30 - VARYING FORM OF TITLE
Title proper/short title Respiratory care equipment
504 ## - BIBLIOGRAPHY, ETC. NOTE
Bibliography, etc Includes bibliographical references and index.
906 ## - LOCAL DATA ELEMENT F, LDF (RLIN)
a 7
b cbc
c orignew
d 1
e ocip
f 20
g y-gencatlg
942 ## - ADDED ENTRY ELEMENTS (KOHA)
Source of classification or shelving scheme
Item type Books
Holdings
Withdrawn status Lost status Source of classification or shelving scheme Damaged status Not for loan Collection code Permanent location Current location Shelving location Date acquired Total Checkouts Full call number Barcode Date last seen Price effective from Koha item type
          Koleksioni i përgjithshem UBT - Lipjan UBT - Lipjan Koleksioni i përgjithshem 08/15/2018   615.83 jim 002-3011376 08/15/2018 08/15/2018 Books
UBT Library © 2015-2024. All rights reserved University Education for Business and Technology